Skąd jest dany Polski zabytek - Statystyki

Ogólne statystyki
  • Ten quiz został rozwiązany 6 141 razy
  • Średni wynik to 13 z 16
Statystyki odpowiedzi
Obrazkowy Hint Odpowiedź % Poprawnych
Pałac Kultury i Nauki Warszawa
100%
Wawel Kraków
99%
Stary żuraw portowy Gdańsk
98%
Pomnik Obrońców Wybrzeża Westerplatte/Gdańsk
98%
Kopalnia Soli Wieliczka
96%
Zamek Krzyżacki Malbork
95%
Auschwitz-Birkenau Oświęcim
92%
Najdłuższe molo nad Morzem Bałtyckim Sopot
92%
Spodek Katowice
91%
Jasna Góra Cżestochowa
90%
Pomnik Chrystusa Króla Świebodzin
70%
Willa "Pod Jedlami Zakopane
67%
Rynek Wielki Zamość
66%
Pałac Branickich Białystok
50%
Gotycki kościól Toruń
46%
Muzeum Jana Kochanowskiego Czarnolas
37%
Nie znaleziono quizów pasujących do podanych kryteriów
Rozkład punktacji
Procent ludzi z każdym wynikiem
Percentyl według liczby udzielonych odpowiedzi
Twoja historia wyników
Nie rozwiązałeś tego quizu